000 00357nam a2200145Ia 4500
008 240624s9999 xx 000 0 und d
041 _aeng
082 _a005.133 LIB
100 _aLIBERTY JESSE
245 _aTEACH YOURSELF C IN 21 DAYS
250 _a(5th ed.)
260 _c2005
_aNew Delhi
_bPearson Education
300 _axxiv, : 911 : p.
365 _cRS
999 _c3149
_d3149